000 00530nam a22001937a 4500
003 OSt
005 20150423135756.0
008 150423b xxu||||| |||| 00| 0 eng d
020 _a0727911260
040 _cDLC
082 _aWX 215 E32 1997
245 _aEmergence Triage /
_cEdited by Kevin Mackway-Jones
260 _aLondon:
_bBMJ publishing group;
_c1997.
300 _aix, 156 p :
_bill ;
_c26 cm
504 _aIncludes index
650 _aEmergency
_93998
700 _4Editor
_aMackway-Jones Kevin
_94001
942 _2z
_cSLOAN
999 _c1523
_d1523